Normal view
MARC view
Entry Topical Term
001 - CONTROL NUMBER
- control field: 24051
003 - CONTROL NUMBER IDENTIFIER
- control field: ARRUPE
005 - DATE AND TIME OF LATEST TRANSACTION
- control field: 20160422121549.0
008 - FIXED-LENGTH DATA ELEMENTS
- fixed length control field: 160422|| aca||aabn | a|a d
040 ## - CATALOGING SOURCE
- Original cataloging agency: ARRUPE
- Transcribing agency: ARRUPE
150 ## - HEADING--TOPICAL TERM
- Topical term or geographic name as entry element: Learning and scholarship
- General subdivision: History
- Chronological subdivision: Medieval, 500-1500.
670 ## - SOURCE DATA FOUND
- Source citation: Work cat.: (ARRUPE)0: Colish, Marcia L. 24050, Medieval foundations of the western intellectual tradition, 400-1400 /, 1997